Sus mejores cuentos
Պահպանված է:
| Հիմնական հեղինակ: | |
|---|---|
| Ձևաչափ: | Գիրք |
| Լեզու: | իսպաներեն |
| Հրապարակվել է: |
Santiago
Nascimento
1956
|
| Հրատարակություն: | 3a. ed |
| Խորագրեր: | |
| Ցուցիչներ: |
Ավելացրեք ցուցիչ
Չկան պիտակներ, Եղեք առաջինը, ով նշում է այս գրառումը!
|
MARC
| LEADER | 00000nam a2200000 a 4500 | ||
|---|---|---|---|
| 001 | UCQ2306 | ||
| 003 | CL-VaPUC | ||
| 008 | 980724e19560000CL |||||||||||||||||spa|d | ||
| 082 | 0 | 4 | |a Ch863 |b LAT |2 21 |
| 100 | |a Latorre Court, Mariano |e author |9 611032 | ||
| 245 | 1 | 0 | |a Sus mejores cuentos |
| 250 | |a 3a. ed | ||
| 300 | |a 295 p | ||
| 942 | |c BK | ||
| 945 | |d 19980724 00:00:00 |a lriquelm | ||
| 260 | |a Santiago |b Nascimento |c 1956 | ||
| 650 | 0 | |a Cuentos chilenos |9 308280 | |
| 650 | 0 | |a Literatura chilena |9 308278 | |
| 583 | |a last modification |c 19980724 00:00:00 |k Rodrigo Vera | ||
| 999 | |c 273139 |d 273137 | ||
| 952 | |0 0 |1 0 |4 0 |6 CH_863_000000000000000_LAT_1956 |7 0 |8 A |9 308484 |a BIBEDU |b BIBEDU |c ES_NOD |d 2019-11-20 |i 1446142 |o Ch863 LAT 1956 |p 1446142 |r 2023-08-09 |w 2019-11-20 |y BK |k LIT | ||
| 952 | |0 0 |1 0 |4 0 |6 CH_863_000000000000000_LAT_1956 |7 0 |8 A |9 308485 |a BIBEDU |b BIBEDU |c ES_NOD |d 2019-11-20 |i 1446193 |o Ch863 LAT 1956 |p 1446193 |r 2023-08-09 |w 2019-11-20 |y BK |k LIT | ||